000 00273nam a2200121Ia 4500
008 231129s9999||||xx |||||||||||||| ||spa||
040 _bspa
082 _aF843 Z86p
100 _aZola Emile
245 0 _aUna pagina de amor
264 _aSalvat-Alianza
942 _2ddc
_cBKS
999 _c25999
_d25999